• 首页
  • 本馆介绍
  • 公告通知
  • 最新文献
  • 馆藏检索
  • 电子资源
  • 读者导购
  • 参考咨询
  • 我的图书馆
  • 登录
  • 详细信息显示
  • 放入我的书架
  • 预约/预借图书
  • 作者相关作品
  • 分类相关作品
  • 丛书相关作品
  • 出版社相关作品

书目信息

  • 表格格式
  • 工作单格式
  • 卡片格式
题名:
新编德汉词典
    
 
作者: 张才尧 编
分册:  
出版信息: 北京   外语教学与研究出版社  2004
页数: 1144页
开本: 19cm
丛书名:
单 册:
中图分类: H336 , H316
科图分类:
主题词: 英语
电子资源:
ISBN: 7-5600-1593-X
000 00543nam0 2200193 450
001 0755227312
005 20241112164312.89
010    @a7-5600-1593-X@d¥89.00
100    @a20070828d km y0chiy0120 ea
101 0  @achi
200 1  @a新编德汉词典@Axin bian de han ci dian@f张才尧 等编@Fzhang cai yao deng bian
210    @a北京@c外语教学与研究出版社@d2004
215    @a1144页@d19cm
606 0  @a英语
690    @aH336@v3
690    @aH316@v4
701  0 @a张才尧@Azhang cai yao@4编
801  0 @aCN@bPFT@c20070828
905    @a213230@dH316@e313@f1
    
    新编德汉词典/张才尧 等编.-北京:外语教学与研究出版社,2004
    1144页;19cm
    
    
    ISBN 7-5600-1593-X:¥89.00
    
●
相关链接 在E读中查询图书 在五车中查询图书 在当当中查询图书 在豆瓣中查询图书


正题名:新编德汉词典     索取号:H316/313         预约/预借

序号 登录号 条形码 馆藏地/架位号 状态 备注
1 0700245   207002456   密集书库—外国语学院/ [索取号:H316/313] 在馆    
2 0700246   207002465   密集书库—外国语学院/ [索取号:H316/313] 在馆    
唐山师范学院图书馆 欢迎您!
大连网信软件有限公司© 版权所有